Diseño gráfico en cerámica prehispánica cholulteca (Record no. 9891)

MARC details
000 -CABECERA
campo de control de longitud fija 00956nam a2200277 a 4500
001 - NÚMERO DE CONTROL
campo de control BRL_1079
005 - FECHA Y HORA DE LA ÚLTIMA TRANSACCIÓN
campo de control 20190320211026.0
008 - DATOS DE LONGITUD FIJA--INFORMACIÓN GENERAL
campo de control de longitud fija 081113s2001----mx-ao#####---#000-0#spa-#
020 ## - NÚMERO INTERNACIONAL ESTÁNDAR DEL LIBRO
Número Internacional Estándar del Libro 9686254536
041 ## - CÓDIGO DE LENGUA
Código de lengua del texto/banda sonora o título independiente spa
044 ## - CÓDIGO DEL PAÍS DE LA ENTIDAD EDITORA/PRODUCTORA
Código MARC del país mx
050 #4 - SIGNATURA TOPOGRÁFICA DE LA BIBLIOTECA DEL CONGRESO
Número de clasificación NK4340.P8
Número de documento/Ítem .P56 2001
100 1# - ENTRADA PRINCIPAL--NOMBRE DE PERSONA
Nombre de persona Pinto, Carlos
9 (RLIN) 25755
245 10 - MENCIÓN DE TÍTULO
Título Diseño gráfico en cerámica prehispánica cholulteca
Mención de responsabilidad, etc. Carlos Pinto ; con textos de Patricia Plunket ; fotografías John O´Leary
260 ## - PUBLICACIÓN, DISTRIBUCIÓN, ETC.
Lugar de publicación, distribución, etc. Cholula, Pue.
Nombre del editor, distribuidor, etc. Universidad de las Américas Puebla : CONACULTA : FONCA : INAH
Fecha de publicación, distribución, etc. 2001
300 ## - DESCRIPCIÓN FÍSICA
Extensión 106 p.
Otras características físicas il. (algunas a color)
Dimensiones 31 cm.
440 #0 - MENCIÓN DE SERIE/PUNTO DE ACCESO ADICIONAL--TÍTULO
Título Testimonios, ritos y tradiciones
9 (RLIN) 25756
500 ## - NOTA GENERAL
Nota general Au1215
504 ## - NOTA DE BIBLIOGRAFÍA, ETC.
Nota de bibliografía, etc. Bibliografía: p. 103-105
650 14 - PUNTO DE ACCESO ADICIONAL DE MATERIA--TÉRMINO DE MATERIA
Término de materia o nombre geográfico como elemento de entrada Cerámica
Subdivisión geográfica Cholula (Puebla)
9 (RLIN) 25757
650 14 - PUNTO DE ACCESO ADICIONAL DE MATERIA--TÉRMINO DE MATERIA
Término de materia o nombre geográfico como elemento de entrada Cerámica mexicana
Subdivisión geográfica Cholula (Puebla)
9 (RLIN) 25758
700 1# - PUNTO DE ACCESO ADICIONAL--NOMBRE DE PERSONA
Nombre de persona Plunket, Patricia
9 (RLIN) 25759
700 1# - PUNTO DE ACCESO ADICIONAL--NOMBRE DE PERSONA
Nombre de persona O´Leary, John
Término indicativo de función/relación il.
9 (RLIN) 15199
902 ## - CATALOGADOR
Iniciales GRL
942 ## - ELEMENTOS DE PUNTO DE ACCESO ADICIONAL (KOHA)
Fuente del sistema de clasificación o colocación Library of Congress Classification
Tipo de ítem Koha Libros
Holdings
Estado de retiro Estado de pérdida Estado dañado No para préstamo Localización permanente Ubicación/localización actual Fecha de adquisición Número de inventario Total de préstamos Signatura topográfica completa Código de barras Fecha visto por última vez Precio válido a partir de Tipo de ítem Koha
El ejemplar forma parte de la colección y puede ser consultado según las políticas vigentes.       Biblioteca Centro de Estudios Ruth D. Lechuga Biblioteca Centro de Estudios Ruth D. Lechuga 08/11/2013 Au1215   NK4340.P8 .P56 2001 (Au1215) GRL01174 22/03/2019 22/03/2019 Libros